000 01219nam a2200229Ia 4500
001 11220
003 GE_BSU
008 181216s||||||||xx |||||||||||||| ||und||
040 _cGE_BSU
080 _a725.1(075.8)
100 _aს. მესარქიშვილი, ფ. მაჭავარიანი, დ. ბოჭორიშვილი და სხვ.
245 _aღვინის, შამპანურისა და კონიაკის ქარხნების დაპროექტების საფუძვლები
245 _bგამოც. სახელმძღ. სას-სამ. ინ-ტის მეღვინეობის ტექნოლოგიის სპეც. სტუდ.
245 _cრედ: ს. მესარქიშვილი
260 _aთბილისი.
260 _bგანათლება
260 _c1984
300 _a317გვ.22სმ.
300 _eდანართი გვ.288
653 _aღვინის, შამპანურისა და კონიაკის ქარხნების დაპროექტების საფუძვლები
942 _cBK
999 _c44451
_d44451